Living under hybrid war (Record no. 593606)

000 -LEADER
fixed length control field 00322nam a22001217a 4500
040 ## - CATALOGING SOURCE
Transcribing agency Muhammad Ibrahim
082 ## - DEWEY DECIMAL CLASSIFICATION NUMBER
Classification number 321.5491
Author Mark LIV 2022
100 ## - MAIN ENTRY--PERSONAL NAME
Personal name Ashfaque H, Khan & Farah Naz
9 (RLIN) 109149
245 ## - TITLE STATEMENT
Title Living under hybrid war
260 ## - PUBLICATION, DISTRIBUTION, ETC.
Place of publication, distribution, etc. Islamabad
Name of publisher, distributor, etc. NUST Press,
Date of publication, distribution, etc. 2022.
300 ## - PHYSICAL DESCRIPTION
Extent 263 p. ;
Dimensions 24 cm.
942 ## - ADDED ENTRY ELEMENTS (KOHA)
Source of classification or shelving scheme
Koha item type Book
Holdings
Withdrawn status Lost status Source of classification or shelving scheme Damaged status Not for loan Permanent Location Current Location Shelving location Date acquired Total Checkouts Full call number Barcode Date last seen Price effective from Koha item type
          Centre for International Peace & Stability (CIPS) Centre for International Peace & Stability (CIPS) General Stacks 03/09/2023   321.5491 LIV 2022 CIPSD0000723 03/09/2023 03/09/2023 Book
© 2023 Central Library, National University of Sciences and Technology. All Rights Reserved.